Statystyki dla Państwa z największą liczbą koni

Kliknij tutaj aby rozwiązać quiz!

Ogólne statystyki

  • Ten quiz został rozwiązany 19 349 razy
    (6 720 od ostatniego zresetowania)
  • Średni wynik to 7 z 10

Statystyki odpowiedzi

KonieKontynentKraj% Poprawnych
10,5 mlnAmerykaStany Zjednoczone
98%
6,38 mlnAmerykaMeksyk
94%
3,67 mlnAzjaChiny
93%
5,96 mlnAmerykaBrazylia
91%
2,59 mlnAmerykaArgentyna
84%
4,09 mlnAzjaMongolia
75%
1,58 mlnAmerykaKolumbia
66%
3,14 mlnAzjaKazachstan
61%
2,15 mlnAfrykaEtiopia
39%
1,32 mlnAfrykaCzad
26%

Rozkład punktacji

Percentyl według liczby udzielonych odpowiedzi

Procent ludzi z każdym wynikiem

Twoja historia wyników

Nie rozwiązałeś tego quizu od ostatniego zresetowania